O patinho feio (Registo nº 2006)

Detalhes MARC
000 -Etiqueta do registo
Cabeçalho 00957nam a22003251 4500
005 - Identificador da versão
Campo de controlo 20240813121922.0
095 ## -
-- PTBN00477765
010 ## - Número internacional normalizado dos livros (ISBN)
Número (ISBN) 9724302148
021 ## - Número do Depósito Legal
Código do país PT
Número 62129/92
100 ## - Dados gerais de processamento
Dados gerais de processamento 20070619d1993 c y0pory5003 ba
102 ## - Pais de publicação ou produção
País de publicação Portugal
101 1# - Língua de publicação
Língua do texto, banda sonora, etc. Português
Língua do documento no original Espanhol
106 ## - Campo de dados codificados: material textual
Dados codificados do material textual r
105 ## - Campo de dados codificados: livros
Dados codificados dos livros a z 000fy
215 ## - Descrição física 
Indicação específica da natureza do documento e extensão da espécie [26] p.
Outras indicações físicas muito il.
Dimensões 20 cm
200 1# - Titulo e menção de responsabilidade
Título próprio O patinho feio
Primeira menção de responsabilidade il. Augustí Asensio
Outras menções de responsabilidade trad. Ana Paula Cruz
-- adapt. Maria Alberta Menéres
225 2# - Colecção 
Título próprio da colecção Contos de sempre
Indicação de volume 20
210 ## - Publicação, Distribuição, etc. 
Lugar da edição, distribuição, etc. Porto
Nome do editor, distribuidor, etc. Edinter
Data da publicação, distribuição, etc. 1993
304 ## - Notas relativas a título e menção de responsabilidade 
Texto da nota Tít. orig.: El patito feo
606 ## - Nome comum usado como assunto
Número de registo de entrada de autoridade 0000001
Palavra de ordem Literatura estrangeira infantil
Subdivisão de assunto Conto
675 ## - Classificação Decimal Universal (CDU)
Notação 82-34
Edição
Língua da edição por
702 #1 - Nome de autor-pessoa física (responsabilidade secundária)
Número de registo de entrada de autoridade 0000613
Palavra de ordem Cruz
Outra parte do nome não tomada para palavra de ordem Ana Paula
Código de função Tradutor
Número de registo de entrada de autoridade 0000031
Palavra de ordem Menéres
Outra parte do nome não tomada para palavra de ordem Maria Alberta
Datas 1930-
Código de função Adaptador
700 #1 - Nome de autor-pessoa física (responsabilidade principal)
Número de registo de entrada de autoridade 0000604
Palavra de ordem Asensio
Outra parte do nome não tomada para palavra de ordem Augustí
942 ## - Elementos de entrada adicionados (Koha)
Tipo de item no Koha Livro
Exemplares
Situação do levantamento Origin of item (home branch) (coded) Biblioteca de empréstimo Código de barras Cota Circulation type (not for loan) Tipo de documento Nota do exemplar Damaged status
  Biblioteca Escolar da Coca Maravilhas Biblioteca Escolar da Coca Maravilhas BECM1959/93 8EST CON   Livro Sem mensagem